00398nam a22001457a 4500003001200000005001700012008004100029020000600070040001200076082001800088100002200106245006700128260001100195650004600206NUST - PNEC20170116181119.0151004b xxu||||| |||| 00| 0 eng d a- cLIBRARY a891.43915 ZUL aZulfiqar Ali Khan aA voice from the East : The poetry of IqbalcZulfiqar Ali Khan cc.1966 aIqbal, Muhammad, Sir, 1877-1938 xGeneral